000 00451nam a2200157Ia 4500
008 240729s9999 xx 000 0 und d
022 _a2521-0440
245 0 _aEngineering Heritage Journal
260 _aMalaysia
260 _bZibeline International
650 _a Engineering (General). Civil engineering (General)
650 _aTechnology
856 _uhttps://doaj.org/toc/5d94c20bf76548019802eb13d2399c32
942 _2ddc
942 _cDOAJEJ
999 _c72093
_d72093
945 _a1
_bMadushi Gamage
_c1
_dMadushi Gamage